000 00461nam a22001577a 4500
005 20260204111654.0
020 _a9781647254629
245 _aSymmetric functions and polynomials (Mathematics essentials)
260 _aNew York
_bNY research press
_c2023
300 _avi+243
650 _aComplex variable
_99238
650 _aLaplace transformation
_99239
650 _aBernoulli polynomials
_99240
700 _aAdams, Alma (Editor)
_99241
942 _2ddc
_cBK
999 _c755731
_d755731